Margaret Margarita Argyropoulou v Salford City Council (Record no. 73407)

MARC details
000 -LEADER
fixed length control field 01172cam a2200193 4500
001 - CONTROL NUMBER
control field LT123610
008 - FIXED-LENGTH DATA ELEMENTS--GENERAL INFORMATION
fixed length control field 030916n2002 000 0 eng u
035 ## - SYSTEM CONTROL NUMBER
System control number (Sirsi) u123610
245 ## - TITLE STATEMENT
Title Margaret Margarita Argyropoulou v Salford City Council
Medium [electronic resource]
260 ## - PUBLICATION, DISTRIBUTION, ETC.
Date of publication, distribution, etc. 2002
520 ## - SUMMARY, ETC.
Summary, etc. ACQ/189/2000, 5 February 2002. Reference by the acquiring authority (S) to determine amount of compensation payable to A, the freehold owner of property compulsorily acquired by S. A lived abroad and had not responded to notice of treat. The property had been unoccupied since 1995 and was boarded up and in poor condition of repair. Comparable evidence of prices paid for similar properties in the compulsory purchase order discussed. Held that £7 000 compensation should be paid for the freehold interest.
650 ## - SUBJECT ADDED ENTRY--TOPICAL TERM
Topical term or geographic name entry element ARGYROPOULOU V SALFORD CITY COUNCIL
650 ## - SUBJECT ADDED ENTRY--TOPICAL TERM
Topical term or geographic name entry element COMPENSATION
650 ## - SUBJECT ADDED ENTRY--TOPICAL TERM
Topical term or geographic name entry element FREEHOLD INTEREST
650 ## - SUBJECT ADDED ENTRY--TOPICAL TERM
Topical term or geographic name entry element COMPARABLES
690 ## - LOCAL SUBJECT ADDED ENTRY--TOPICAL TERM (OCLC, RLIN)
Topical term or geographic name as entry element ENVIRONMENTAL AND LAND CONSULTANCY-PLANNING AND DEVELOPMENT-COMPULSORY PURCHASE AND COMPENSATION
856 ## - ELECTRONIC LOCATION AND ACCESS
Uniform Resource Identifier <a href="https://www.lawindexpro.co.uk/llLT.shtml">https://www.lawindexpro.co.uk/llLT.shtml</a>
Public note View decision at www.lawindexpro.co.uk
942 ## - ADDED ENTRY ELEMENTS (KOHA)
Suppress in OPAC 0
Holdings
Withdrawn status Lost status Source of classification or shelving scheme Damaged status Not for loan Home library Current library Shelving location Date acquired Total Checkouts Full call number Barcode Date last seen Copy number Price effective from Koha item type
    Dewey Decimal Classification     Virtual Virtual Online 16/09/2003   ONLINE PUBLICATION 123610-2001 06/08/2019 1 06/08/2019 Law report